000 00298nam a22001337a 4500
008 171019b xxu||||| |||| 00| 0 eng d
020 _a9780072471632
041 _aeng
080 _27 ED
_a338
100 _a53
101 _aMEN
245 _aNEW PRODUCT MANAGEMENT
_cMERLE.C
942 _2udc
_cBK
999 _c34913
_d34913